000 00360nam a22001577a 4500
003 SGT
020 _a9789389129007
082 _a611
_bI19D
100 _aDEVI, V. SUBHADRA
245 _aINDIEBIR SINGH'S TB. OF ANATOMY: LOWER LIMB VOL-2
250 _a7TH
260 _aINDIA
_bCBS PUB
_c2019
300 _a564
650 _aHUMAN ANATONY
942 _2ddc
_cBK
999 _c34868
_d34868